Refrigeration and air conditioning (Record no. 545907)
[ view plain ]
| 000 -LEADER | |
|---|---|
| fixed length control field | 00609cam a2200181 4500 |
| 082 ## - DEWEY DECIMAL CLASSIFICATION NUMBER | |
| Classification number | 621.56 |
| Author Mark | JOR |
| -- | L-8, P-14 |
| 100 1# - MAIN ENTRY--PERSONAL NAME | |
| Personal name | Jordan, Richard C. |
| 9 (RLIN) | 41888 |
| 245 00 - TITLE STATEMENT | |
| Title | Refrigeration and air conditioning |
| Statement of responsibility, etc. | [by] Richard C. Jordan and Gayle B. Priester. |
| 250 ## - EDITION STATEMENT | |
| Edition statement | 2d ed. |
| 260 ## - PUBLICATION, DISTRIBUTION, ETC. | |
| Place of publication, distribution, etc. | Englewood Cliffs, N.J., |
| Name of publisher, distributor, etc. | Prentice-Hall, |
| Date of publication, distribution, etc. | 1956. |
| 300 ## - PHYSICAL DESCRIPTION | |
| Extent | 555 p. |
| Other physical details | illus. |
| Dimensions | 24 cm. |
| 526 ## - STUDY PROGRAM INFORMATION NOTE | |
| Program name | 0 |
| Interest level | 0 |
| Reading level | 0 |
| Title point value | 621_560000000000000_JOR |
| 650 #0 - SUBJECT ADDED ENTRY--TOPICAL TERM | |
| Topical term or geographic name entry element | Air conditioning. |
| 9 (RLIN) | 19032 |
| 650 #0 - SUBJECT ADDED ENTRY--TOPICAL TERM | |
| Topical term or geographic name entry element | MCE |
| 9 (RLIN) | 379 |
| 650 #0 - SUBJECT ADDED ENTRY--TOPICAL TERM | |
| Topical term or geographic name entry element | Refrigeration and refrigerating machinery. |
| 9 (RLIN) | 19031 |
| 700 1# - ADDED ENTRY--PERSONAL NAME | |
| Personal name | Priester, Gayle B., |
| 9 (RLIN) | 41889 |
| 942 ## - ADDED ENTRY ELEMENTS (KOHA) | |
| Source of classification or shelving scheme | |
| Koha item type | Book |
| Withdrawn status | Lost status | Source of classification or shelving scheme | Damaged status | Not for loan | Permanent Location | Current Location | Date acquired | Total Checkouts | Full call number | Barcode | Date last seen | Price effective from | Koha item type |
|---|---|---|---|---|---|---|---|---|---|---|---|---|---|
| Military College of Engineering (MCE) | Military College of Engineering (MCE) | 05/29/2014 | 621.56 JOR | MCE-3103 | 05/29/2014 | 05/29/2014 | Book |
